| 000 | 01117nam a2200229Ia 4500 | ||
|---|---|---|---|
| 999 |
_c54776 _d54776 |
||
| 001 | 21844 | ||
| 003 | GE_BSU | ||
| 005 | 20220531173301.0 | ||
| 008 | 181216s ||||ge |||||||||||||| ||geo|| | ||
| 040 | _cGE_BSU | ||
| 041 | _ageo | ||
| 080 | _a81'374(063) პ-38 | ||
| 245 |
_aI საერთაშორისო სიმპოზიუმი ლექსიკოგრაფიაში = I international symposium in lexicography : _bპროგრამა / სარედ. კოლ. : მარინე აროშიძე და სხვ. |
||
| 264 |
_aბათუმი : _b[?], _c2010. |
||
| 300 |
_a146 გვ. ; _c27 სმ. |
||
| 500 | _aშოთა რუსთაველის სახელმწიფო უნივერსიტეტი 75წლისაა | ||
| 541 | _h10 ლ. | ||
| 653 | _aლექსიკოგრაფია - საერთაშორისო სიმპოზიუმები | ||
| 653 | _aლექსიკოგრაფია | ||
| 653 | _a საერთაშორისო სიმპოზიუმები | ||
| 942 |
_cBK _2udc |
||